00193nam a2200085Ia 4500008004100000100001600041245002900057260001200086260000900098170617s9999 xx 000 0 und d aMithal -B.M 2aA hand book of Cosmetics bVallabh c2010